Statistiques concernant SCH JVLIVS II

Cliquez ici pour prendre le quiz!

Statistiques générales

  • Ce quiz a été pris 95 fois
  • Le résultat moyen est 12 sur 19

Statistiques - réponses

HintRéponse% Correct
19.Loup noir
85%
2.Marché noir
85%
3.Fournaise
76%
5.Mannschaft
76%
17.Mode Akimbo
76%
7.Crack
72%
4.Aluminium
71%
1.Gibraltar
71%
10.Euro
65%
9.Zone à danger
65%
12.Parano
61%
18.Mafia
60%
11.Assoces
59%
15.Raisons
59%
13.Corrida
54%
16.Plus rien à se dire
52%
8.La battue
50%
6.Grand bain
48%
14.Le coup d'avance
35%

Distribution des résultats

Percentile par nombre de réponses

% des personnes avec chaque résultat

Votre développement - résultats

Vous n’avez pas pris ce quiz